000 00569nam a2200241 a 4500
001 nice12345678
003 IN_TiNIC
005 20260116011752.0
008 050524s1869 lona grp 000 0 eng
020 _a
_c100
082 0 0 _a297.63
_bDAV
100 _aDavenport, John
245 _aMohammad and the Koran
260 _aLong Acre
_bJ.Davy and Sons
_c1869
300 _a182p
500 _aincludes index and biblioraphy
505 2 _aIll
650 _aMuhammad, Prophet
700 1 _aDavenport, John
902 _bSRS
942 _cBK
999 _c3829
_d3829